000 00879nmm a2200265 a 4500
001 ocm000700964
003 TR-IsHL
005 20201028131947.0
008 131028s1996 tu tur
007 cr cn
035 _a700964
_b(N$T)
050 0 4 _aHG3753
_b.S67 1996
090 0 4 _aHG3753
_b.S67 1996
245 1 0 _aSorularla forfaiting (Türkiye uygulaması)
_h[electronic resource] /
_chaz. H.Tülay Güzel
250 _a1. bs.
260 _aİstanbul :
_bİstanbul Ticaret Odası,
_c1996
300 _a76 p.
650 4 _aEkonomi ve Finans
650 4 _aEconomics and Finance
650 0 _aİhracat kredileri
_x Türkiye
650 0 _aExport credits
_x Turkey
650 7 _aBUSINESS & ECONOMICS / Exports & Imports
_2bisacsh
700 1 _aGüzel, H.Tülay
856 4 0 _uhttp://search.ebscohost.com/login.aspx?direct=true&scope=site&db=e011xww&AN=700964
999 _c4838
_d4838